000 00290nam a22001337a 4500
008 180104b xxu||||| |||| 00| 0 eng d
020 _a9780847823444
041 _aeng
080 _a710
100 _a41
101 _aART
245 _aThe Best of Pirelli
_cLaurenzi, L
942 _2udc
_cBK
999 _c39667
_d39667